Exploring life through science 8 / (Record no. 5488)

MARC details
000 -LEADER
fixed length control field 00673nam a22001937a 4500
003 - CONTROL NUMBER IDENTIFIER
control field OSt
005 - DATE AND TIME OF LATEST TRANSACTION
control field 20251106050828.0
008 - FIXED-LENGTH DATA ELEMENTS--GENERAL INFORMATION
fixed length control field 251105b |||||||| |||| 00| 0 eng d
020 ## - INTERNATIONAL STANDARD BOOK NUMBER
International Standard Book Number 978-971-06-5922-7
040 ## - CATALOGING SOURCE
Original cataloging agency DWCL - Main Lib
Transcribing agency OC
082 ## - DEWEY DECIMAL CLASSIFICATION NUMBER
Classification number Res. 500 Ex96 2023
Edition number 3rd
100 ## - MAIN ENTRY--PERSONAL NAME
Personal name Ferriols-Parico, Josefina Ma.
245 ## - TITLE STATEMENT
Title Exploring life through science 8 /
Statement of responsibility, etc. Josefina Ma. Ferriols-Parico
260 ## - PUBLICATION, DISTRIBUTION, ETC.
Place of publication, distribution, etc. Quezon City, Philippines :
Name of publisher, distributor, etc. Phoenix Publishing House,
Date of publication, distribution, etc. c2023
300 ## - PHYSICAL DESCRIPTION
Extent x, 297 pages :
Other physical details illustrations ;
Dimensions 27 cm.
504 ## - BIBLIOGRAPHY, ETC. NOTE
Bibliography, etc. note Includes bibliographical references and index.
700 ## - ADDED ENTRY--PERSONAL NAME
Personal name Ferriols-Parico, Josefina Ma.
942 ## - ADDED ENTRY ELEMENTS (KOHA)
Source of classification or shelving scheme Dewey Decimal Classification
Koha item type Book- Reserved
Call number suffix Res.
Suppress in OPAC No
952 ## - LOCATION AND ITEM INFORMATION (KOHA)
--
952 ## - LOCATION AND ITEM INFORMATION (KOHA)
--
952 ## - LOCATION AND ITEM INFORMATION (KOHA)
--
Holdings
Withdrawn status Lost status Source of classification or shelving scheme Damaged status Not for loan Home library Current library Shelving location Date acquired Source of acquisition Total Checkouts Full call number Barcode Date last seen Copy number Price effective from Koha item type Uniform Resource Identifier
    Library of Congress Classification     Junior High School Library Junior High School Library Reserved 08/14/2023 Library Fund   Res. - 500 Ex96 2023 JHS - 21142 11/05/2025 c1 11/05/2025 BK-0 CIRC
    Dewey Decimal Classification     College Library Junior High School Library Reserved 08/14/2023 Library Fund   Res. - 500 Ex96 2023 JHS - 21141 11/05/2025 c2 11/05/2025 BK-0 CIRC
    Dewey Decimal Classification     Junior High School Library Junior High School Library Reserved 08/14/2023 Library Fund   Res. - 500 Ex96 2023 JHS - 21140 11/05/2025 c3 11/05/2025 BK-0 CIRC